|
|
|
|
| LEADER |
01271nam a2200289 a 4500 |
| 001 |
13428822 |
| 008 |
091219s2005 cauab b 001 0 eng d |
| 010 |
|
|
|a 2003116263
|
| 020 |
|
|
|a 0534624871 (student ed.)
|
| 020 |
|
|
|a 0534624979 (instructor's ed.)
|
| 040 |
|
|
|a DLC
|c DLC
|d DLC
|c BD-DhAAL
|
| 082 |
0 |
0 |
|a 306
|2 22
|
| 245 |
0 |
0 |
|a Cultural anthropology :
|b the human challenge /
|c William A. Haviland ... [et al.].
|
| 250 |
|
|
|a 11th ed.
|
| 260 |
|
|
|a Belmont, CA :
|b Thomson Wadsworth,
|c c2005.
|
| 300 |
|
|
|a xxxi, 496 p. :
|b col. ill., col. maps ;
|c 28 cm. +
|e 1 CD-ROM (4 3/4 in.)
|
| 500 |
|
|
|a Rev. ed. of: Cultural anthropology / William A. Haviland. 10th ed.
|
| 500 |
|
|
|a Includes passcode to InfoTrac college edition.
|
| 538 |
|
|
|a System requirements for accompanying CD-ROM: Microsoft Windows 98; Mac 0S 8.1.
|
| 504 |
|
|
|a Includes bibliographical references (p. 463-483) and index.
|
| 541 |
1 |
|
|e 00017373
|
| 650 |
|
0 |
|a Ethnology.
|
| 700 |
1 |
|
|a Haviland, William A.
|
| 700 |
1 |
|
|a Haviland, William A.
|t Cultural anthropology.
|
| 852 |
4 |
|
|a Ayesha Abed Library
|j General Shelf.
|
| 999 |
|
|
|c 6260
|d 6260
|
| 952 |
|
|
|0 0
|1 0
|2 ddc
|4 0
|6 306_CUL_200500000000000
|7 0
|9 6298
|a BRACUL
|b BRACUL
|c GEN
|d 2009-12-21
|g 891.00
|l 25
|m 52
|o 306 CUL
|p 3010017373
|r 2023-04-02
|s 2023-03-19
|t 1
|w 2009-12-21
|y BK
|